| 000 | 00721nam a2200229 i 4500 | ||
|---|---|---|---|
| 001 | bg | ||
| 100 | 1 |
_aSIEMASZKO, Zbigniew Sebastian _d(1923- ) |
|
| 245 | 1 | 0 | _aDziałalność generała Tatara (1943-1949). |
| 260 |
_aLondyn : _bPolska Fundacja Kulturalna, _c1999. |
||
| 300 |
_a335 s. : _bfot., portr. + _e22 cm. |
||
| 504 | _aBibliogr. s. 310-319. - Indeks nazwisk. | ||
| 600 | 1 | 9 | _aTatar, Stanisław (1896-1980) |
| 650 | 9 |
_aWojsko _xhistoria _zPolska _y20 w. |
|
| 651 | 9 |
_aPolska _xpolityka _y20 w. |
|
| 020 | _a0850652898 | ||
| 040 | _cBPK | ||
| 041 | 0 | _apl | |
| 080 | _a94(438).082/.083:930.1(091):355.33/.34:929-052A/Z | ||
| 920 | _a0-85065-289-8 | ||
| 942 | _cKS | ||
| 008 | s pl f |000 0 pol | ||
| 999 |
_c37094 _d37094 |
||
| 856 |
_uhttp://koha.tu.koszalin.pl/cgi-bin/koha/opac-detail.pl?biblionumber=37094 _yKatalog online BPK |
||